CERL/ORNL research and development programs in support of prestressed concrete reactor vessel development (Record no. 547090)
[ view plain ]
| 000 -LEADER | |
|---|---|
| fixed length control field | 00559cam a22001333u 4500 |
| 082 ## - DEWEY DECIMAL CLASSIFICATION NUMBER | |
| Classification number | 624.183412 |
| Author Mark | MAG |
| -- | L-19 P-19 |
| 245 00 - TITLE STATEMENT | |
| Title | CERL/ORNL research and development programs in support of prestressed concrete reactor vessel development |
| 260 ## - PUBLICATION, DISTRIBUTION, ETC. | |
| Place of publication, distribution, etc. | [S.l.] : |
| Name of publisher, distributor, etc. | distributed by the Office of Scientific and Technical Information, U.S. Dept. of Energy, |
| Date of publication, distribution, etc. | 1984. |
| 500 ## - GENERAL NOTE | |
| General note | Title from content provider. |
| 526 ## - STUDY PROGRAM INFORMATION NOTE | |
| Program name | 0 |
| Interest level | 0 |
| Reading level | 0 |
| Title point value | 624_183412000000000_MAG |
| 650 ## - SUBJECT ADDED ENTRY--TOPICAL TERM | |
| Topical term or geographic name entry element | MCE |
| 9 (RLIN) | 379 |
| 856 40 - ELECTRONIC LOCATION AND ACCESS | |
| Uniform Resource Identifier | <a href="http://www.columbia.edu/cgi-bin/cul/resolve?clio9783177">http://www.columbia.edu/cgi-bin/cul/resolve?clio9783177</a> |
| 942 ## - ADDED ENTRY ELEMENTS (KOHA) | |
| Source of classification or shelving scheme | |
| Koha item type | Book |
| Withdrawn status | Lost status | Source of classification or shelving scheme | Damaged status | Not for loan | Permanent Location | Current Location | Date acquired | Total Checkouts | Full call number | Barcode | Date last seen | Price effective from | Koha item type |
|---|---|---|---|---|---|---|---|---|---|---|---|---|---|
| Military College of Engineering (MCE) | Military College of Engineering (MCE) | 07/01/2014 | 624.183412 MAG | MCE-30219a | 07/01/2014 | 03/14/2021 | Book |
